Spektroskopie, Spektralanalyse : english, deutsch, français, russkij, español, česky, polski, magyar
Saved in:
| Main Authors | , |
|---|---|
| Format | Book |
| Language | German English French Russian Spanish Czech Polish Hungarian |
| Published |
Berlin :
VEB Verlag Technik,
1970
|
| Series | Technik - Wörterbuch
|
| Subjects | |
| Physical Description | 313 s. ; 25 cm |
Cover
| LEADER | 00000cam a2200000 a 4500 | ||
|---|---|---|---|
| 001 | 16010 | ||
| 003 | CZ-ZlUTB | ||
| 005 | 20190825233353.0 | ||
| 007 | ta | ||
| 008 | 950218s1970 gw e d 001 0 ger d | ||
| 040 | |a ZLD002 |b cze |c ZLD002 |d ZLD002 | ||
| 041 | 0 | |a ger |a eng |a fre |a rus |a spa |a cze |a pol |a hun | |
| 072 | 7 | |a 543 |x Analytická chemie |2 Konspekt |9 10 | |
| 072 | 7 | |a 81 |x Lingvistika. Jazyky |2 Konspekt |9 11 | |
| 080 | |a 543.42 |2 MRF | ||
| 080 | |a 81’373.46 |2 MRF | ||
| 080 | |a 811.112.2 |2 MRF | ||
| 080 | |a 811.111 |2 MRF | ||
| 080 | |a 811.162.3 |2 MRF | ||
| 080 | |a 811.133.1 |2 MRF | ||
| 080 | |a 811.511.141 |2 MRF | ||
| 080 | |a 811.162.1 |2 MRF | ||
| 080 | |a 811.161.1 |2 MRF | ||
| 080 | |a 811.134.2 |2 MRF | ||
| 080 | |a (038)81 |2 MRF | ||
| 100 | 1 | |a Moritz, Heinrich |7 xx0012965 |4 aut | |
| 245 | 1 | 0 | |a Spektroskopie, Spektralanalyse : |b english, deutsch, français, russkij, español, česky, polski, magyar / |c herausgegeben Heinrich Moritz und Tibor Török |
| 260 | |a Berlin : |b VEB Verlag Technik, |c 1970 | ||
| 300 | |a 313 s. ; |c 25 cm | ||
| 490 | 1 | |a Technik - Wörterbuch | |
| 500 | |a Obsahuje rejstříky | ||
| 650 | 0 | 7 | |a spektroskopie |7 ph116234 |2 czenas |
| 650 | 0 | 7 | |a oborová terminologie |7 ph138998 |2 czenas |
| 650 | 0 | 7 | |a angličtina |7 ph114056 |2 czenas |
| 650 | 0 | 7 | |a němčina |7 ph115512 |2 czenas |
| 650 | 0 | 7 | |a čeština |7 ph135292 |2 czenas |
| 650 | 0 | 7 | |a francouzština |7 ph135297 |2 czenas |
| 650 | 0 | 7 | |a maďarština |7 ph117232 |2 czenas |
| 650 | 0 | 7 | |a polština |7 ph124318 |2 czenas |
| 650 | 0 | 7 | |a ruština |7 ph125351 |2 czenas |
| 650 | 0 | 7 | |a španělština |7 ph127867 |2 czenas |
| 650 | 0 | 9 | |a spectroscopy |2 eczenas |
| 650 | 0 | 9 | |a terminology (professional) |2 eczenas |
| 650 | 0 | 9 | |a English language |2 eczenas |
| 650 | 0 | 9 | |a German language |2 eczenas |
| 650 | 0 | 9 | |a Czech language |2 eczenas |
| 650 | 0 | 9 | |a French language |2 eczenas |
| 650 | 0 | 9 | |a Hungarian language |2 eczenas |
| 650 | 0 | 9 | |a Russian language |2 eczenas |
| 650 | 0 | 9 | |a Polish language |2 eczenas |
| 650 | 0 | 9 | |a Spanish language |2 eczenas |
| 655 | 7 | |a vícejazyčné překladové slovníky |7 fd133852 |2 czenas | |
| 655 | 7 | |a terminologické slovníky |7 fd202538 |2 czenas | |
| 655 | 9 | |a polyglot translation dictionaries |2 eczenas | |
| 655 | 9 | |a terminological dictionaries |2 eczenas | |
| 700 | 1 | |a Török, Tibor |7 xx0012966 |4 aut | |
| 830 | 0 | |a Technik - Wörterbuch | |
| 910 | |a ZLD002 | ||
| 952 | |0 0 |1 0 |4 0 |6 543MORITZH |7 0 |8 BOOK |9 27151 |a UTBZL |b UTBZL |c 005 |d 2006-07-29 |i 50283 |l 1 |o 543/MORITZ,H. |p 420010001596 |r 2019-08-25 00:00:00 |w 2019-08-25 |x 20100831 |y 01 | ||
| 952 | |0 0 |1 0 |4 0 |6 80132VÍCEJAZYČNÝ |7 0 |8 BOOK |9 27152 |a UTBZL |b UTBZL |c 030 |d 2006-07-29 |i 49540 |l 0 |o 801.32/VÍCEJAZYČNÝ |p 420010026072 |r 2019-08-25 00:00:00 |w 2019-08-25 |x N: převod z FT/Vondruška; | 20100930 |y 05 | ||
| 992 | |a BK |b SK |d 1 | ||
| 999 | |c 16010 |d 16010 | ||